000 01131nac a22003011i 4500
003 EG-ScBUE
005 20250612135512.0
008 250612s1997 enka f b 001 0 eng d
020 _a9780521435956
020 _a0521435951 (pbk.)
040 _aEG-ScBUE
_beng
_erda
_cEG-ScBUE
_dEG-ScBUE
082 0 4 _a535
_bSCU
_222
100 1 _aScully, Marlan O.,
_eauthor.
245 1 0 _aQuantum optics /
_cMarlan O. Scully and M. Suhail Zubairy.
264 1 _aCambridge ;
_aNew York :
_bCambridge University Press,
_c1997.
300 _axxi, 630 pages :
_billustrations ;
_c26 cm
336 _2rdacontent
_atext
_btxt
337 _aunmediated
_2rdamedia
_bn
338 _avolume
_bnc
_2rdacarrier
504 _aIncludes bibliographical references and index.
650 7 _aQuantum optics.
_2BUEsh
655 _vReading book
700 1 _aZubairy, Muhammad Suhail,
_d1952-
_eauthor.
856 4 2 _3Publisher description
_uhttp://www.loc.gov/catdir/description/cam026/94042949.html
856 4 2 _3Table of contents
_uhttp://www.loc.gov/catdir/toc/cam021/94042949.html
942 _cBB
_2ddc
999 _c3087
_d3087